000 00592nam a2200205Ia 4500
003 GCL
008 140319s9999 xx 000 0 ara d
040 _aGCL /
_cGCL
082 0 4 _a910.202
_bف ج
100 1 _aفضل أحمد يونس
245 1 0 _aالجغرافيا السياحية /
_cفضل أحمد يونس
260 _a[S.N] :
_bدار النهضة العربية
300 _a324 ص
490 _a
650 0 4 _aالرحلات
650 0 4 _aالسياحة
650 0 4 _aالسياحة الاوربية
650 0 4 _aالجغرافيا السياحية
942 _2ddc
_cBK
999 _c37307
_d37307